| 000 | 00581nam a2200181Ia 4500 | ||
|---|---|---|---|
| 008 | 090123s9999 xx 000 0 und d | ||
| 082 | _b3649 | ||
| 100 | _aभावे पु. भा. | ||
| 245 | _aविठ्ठला पांडुरंगा | ||
| 250 | _a1 | ||
| 260 |
_bमेनका प्रकाशन _c1974 |
||
| 300 | _a157 | ||
| 600 | _aभावे पु. भा. | ||
| 630 | _aविठ्ठला पांडुरंगा | ||
| 700 | _aभावे पु. भा. | ||
| 730 | _aविठ्ठला पांडुरंगा | ||
| 942 | _cBOOK | ||
| 999 |
_c41728 _d41728 |
||